Κατάλογος Βιβλιοθηκών Mediterranean College

Principles of Food, Beverage and Labor Cost Controls / For the Hotels and Restaurant Industry (Record no. 889)

MARC details
000 -LEADER
fixed length control field 01744cam a22002294a 4500
005 - ΗΜΕΡΟΜΗΝΙΑ ΚΑΙ ΩΡΑ ΤΕΛΕΥΤΑΙΑΣ ΕΝΗΜΕΡΩΣΗΣ
Πεδίο ελέγχου 20250605163948.0
008 - FIXED-LENGTH DATA ELEMENTS--GENERAL INFORMATION
Πεδίο ελέγχου σταθερού μήκους 250528s ||||||||||||||||||||||||d
035 ## - SYSTEM CONTROL NUMBER
System control number 15299
020 ## - ISBN
ISBN 843620870
040 ## - ΠΗΓΗ ΚΑΤΑΛΟΓΟΓΡΑΦΗΣΗΣ
Φορέας πρωτότυπης καταλογογράφησης MC Athens Campus Library
Γλώσσα καταλογογράφησης Ελληνικά, Μοντέρνα (1453-)
Modifying agency MC Athens Campus Library
Κανόνες περιγραφικής καταλογογράφησης AACR2
245 1# - ΤΙΤΛΟΣ ΚΑΙ ΔΗΛΩΣΗ ΥΠΕΥΘΥΝΟΤΗΤΑΣ
Τίτλος Principles of Food, Beverage and Labor Cost Controls / For the Hotels and Restaurant Industry
260 ## - PUBLICATION, DISTRIBUTION, ETC.
Date of publication, distribution, etc. 1976
300 ## - PHYSICAL DESCRIPTION
Extent 264
505 0# - FORMATTED CONTENTS NOTE
Formatted contents note Preface, Introduction to Food and Beverage and Labor Controls, Introduction, Costs, Sales, Control, Food Control, Purchasing Control, Receiving Controls, Storing Control, Issuing and Transfers and Inventory, Determining Food Costs, Production Standatds and Portion Costs, Forecasting Sales and Controlling Production, Potential Savings, Sales Control, Beverage Control, Beverage Purchasing Control, Beverage Production Controls, Measuring the Effectiveness of Production Controls, Labor Control, Labor Cost Considerations, Controlling Labor Costs, Bibliography, Index.
520 ## - SUMMARY, ETC.
Summary, etc. Preface, Introduction to Food and Beverage and Labor Controls, Introduction, Costs, Sales, Control, Food Control, Purchasing Control, Receiving Controls, Storing Control, Issuing and Transfers and Inventory, Determining Food Costs, Production Standatds and Portion Costs, Forecasting Sales and Controlling Production, Potential Savings, Sales Control, Beverage Control, Beverage Purchasing Control, Beverage Production Controls, Measuring the Effectiveness of Production Controls, Labor Control, Labor Cost Considerations, Controlling Labor Costs, Bibliography, Index.
700 1# - ΠΡΟΣΘΕΤΗ ΑΝΑΓΡΑΦΗ--ΦΥΣΙΚΟ ΠΡΟΣΩΠΟ
Personal name Cahners Books International
9 (RLIN) 1191
700 1# - ΠΡΟΣΘΕΤΗ ΑΝΑΓΡΑΦΗ--ΦΥΣΙΚΟ ΠΡΟΣΩΠΟ
Personal name Dittmer Paul R
9 (RLIN) 1192
700 1# - ΠΡΟΣΘΕΤΗ ΑΝΑΓΡΑΦΗ--ΦΥΣΙΚΟ ΠΡΟΣΩΠΟ
Personal name Griffin Gerald G
9 (RLIN) 1193
942 ## - ADDED ENTRY ELEMENTS (KOHA)
Koha item type Books
Holdings
Τύπος τεκμηρίου Βιβλιοθήκη Τρέχουσα τοποθεσία Barcode Αριθμός εισαγωγής Ημερομηνία απόκτησης Ταξιθετικό σύμβολο Αριθμός αντιτύπου Κατάσταση απόσυρσης Κατάσταση χαμένου Κατάσταση κατεστραμμένου Μη δανεισμός Σύνολο δανεισμών Ημερομηνία τελευταίας εμφάνισης Η τιμή ισχύει από
Books MC Athens Campus Library MC Athens Campus Library 9780000008886 1543 05/06/2025 658.1/553 DIT 1           05/06/2025 05/06/2025

MC Athens Campus Library
Πατησίων 94 & Κοδριγκτώνος 13, 104 34
Πελλήνης 8 & Πατησίων 107, 112 51
Τ: +30 210 8899600

MC Thessaloniki Campus Library
Ίωνος Δραγούμη 21, 54625 | Ίωνος Δραγούμη 15, 54625
Τ: +30 2310 287779 – Τ: +30 2314 440300